[Event "DEM U12w 2018"]
[Site "Willingen GER"]
[Date "2018.05.20"]
[Round "1"]
[White "Adelmeyer, Nelly"]
[Black "Butenandt, Svenja"]
[Result "0-1"]
[Termination "normal"]
[Board "1"]
[WhiteElo "1416"]
[BlackElo "1730"]
[WhiteClock "00:32:40"]
[BlackClock "00:26:43"]
[PlyCount "44"]
[WhiteFideId "16203577"]
[BlackFideId "12993859"]
[EventCountry "GER"]
[EventRounds "11"]
[EventType "swiss"]
[EventDate "2018.05.19"]

1. e4 {[%clk 1:15:59]} 1... c5 {[%clk 1:15:55]} 2. c3 {[%clk 1:16:25]} 2... d5
{[%clk 1:16:14]} 3. exd5 {[%clk 1:16:49]} 3... Qxd5 {[%clk 1:16:39]} 4. d4 {
[%clk 1:17:12]} 4... e6 {[%clk 1:16:42]} 5. Nf3 {[%clk 1:17:29]} 5... Nf6 {
[%clk 1:17:07]} 6. Be2 {[%clk 1:16:46]} 6... Be7 {[%clk 1:13:57]} 7. O-O {
[%clk 1:15:56]} 7... O-O {[%clk 1:13:54]} 8. c4 {[%clk 1:12:03]} 8... Qd7 {
[%clk 1:08:39]} 9. Be3 {[%clk 1:07:37]} 9... cxd4 {[%clk 1:05:22]} 10. Ne5 {
[%clk 1:05:05]} 10... Qc7 {[%clk 0:58:00]} 11. Qxd4 {[%clk 1:01:50]} 11... Rd8
{[%clk 0:51:06]} 12. Qf4 {[%clk 1:01:01]} 12... Bd6 {[%clk 0:48:09]} 13. Bd4 {
[%clk 0:45:40]} 13... Nc6 {[%clk 0:42:06]} 14. Re1 {[%clk 0:39:50]} 14... Nxd4
{[%clk 0:36:52]} 15. Qxd4 {[%clk 0:39:46]} 15... Bxe5 {[%clk 0:37:05]} 16. Qe3
{[%clk 0:35:35]} 16... Bxb2 {[%clk 0:34:37]} 17. Nc3 {[%clk 0:35:48]} 17...
Bxa1 {[%clk 0:34:30]} 18. Rxa1 {[%clk 0:36:14]} 18... Bd7 {[%clk 0:32:09]} 19.
Rc1 {[%clk 0:34:13]} 19... Bc6 {[%clk 0:32:02]} 20. Nb5 {[%clk 0:33:27]} 20...
Bxb5 {[%clk 0:29:26]} 21. cxb5 {[%clk 0:33:51]} 21... Qa5 {[%clk 0:28:53]} 22.
Qb3 {[%clk 0:32:40]} 22... Rac8 {[%clk 0:26:43]} 0-1

[Event "DEM U12w 2018"]
[Site "Willingen GER"]
[Date "2018.05.20"]
[Round "1"]
[White "Bashylina, Luisa"]
[Black "Petersen, Sophie"]
[Result "1-0"]
[Termination "normal"]
[Board "2"]
[WhiteElo "1764"]
[BlackElo "1431"]
[WhiteClock "00:21:01"]
[BlackClock "00:28:25"]
[PlyCount "93"]
[WhiteFideId "12983292"]
[BlackFideId "16229380"]
[EventCountry "GER"]
[EventRounds "11"]
[EventType "swiss"]
[EventDate "2018.05.19"]

1. e4 {[%clk 1:15:58]} 1... c5 {[%clk 1:15:53]} 2. Nf3 {[%clk 1:16:23]} 2... g6
{[%clk 1:16:16]} 3. d4 {[%clk 1:15:49]} 3... cxd4 {[%clk 1:16:29]} 4. Qxd4 {
[%clk 1:16:04]} 4... Nf6 {[%clk 1:16:45]} 5. Bb5 {[%clk 1:16:18]} 5... Nc6 {
[%clk 1:16:18]} 6. Bxc6 {[%clk 1:16:32]} 6... bxc6 {[%clk 1:15:45]} 7. c4 {
[%clk 1:10:27]} 7... c5 {[%clk 1:10:45]} 8. Qxc5 {[%clk 1:09:34]} 8... d6 {
[%clk 1:07:36]} 9. Qd4 {[%clk 1:07:22]} 9... Bb7 {[%clk 1:04:39]} 10. Nc3 {
[%clk 1:05:10]} 10... Bg7 {[%clk 1:01:42]} 11. O-O {[%clk 1:03:47]} 11... O-O {
[%clk 1:01:47]} 12. Qd3 {[%clk 1:03:13]} 12... Nd7 {[%clk 0:59:54]} 13. Be3 {
[%clk 1:00:25]} 13... Nb6 {[%clk 0:58:30]} 14. Rac1 {[%clk 0:57:53]} 14... Rc8
{[%clk 0:58:25]} 15. b3 {[%clk 0:56:17]} 15... Qd7 {[%clk 0:49:34]} 16. Rfd1 {
[%clk 0:52:54]} 16... Rfd8 {[%clk 0:48:37]} 17. Bd4 {[%clk 0:48:23]} 17... f6 {
[%clk 0:43:36]} 18. Qe3 {[%clk 0:46:03]} 18... Qc6 {[%clk 0:42:02]} 19. Nb5 {
[%clk 0:43:40]} 19... Ra8 {[%clk 0:37:51]} 20. Nxa7 {[%clk 0:43:20]} 20... Qxe4
{[%clk 0:35:29]} 21. Qxe4 {[%clk 0:43:05]} 21... Bxe4 {[%clk 0:35:46]} 22. Bxb6
{[%clk 0:43:28]} 22... Rdb8 {[%clk 0:35:20]} 23. Be3 {[%clk 0:43:02]} 23... f5
{[%clk 0:34:54]} 24. Ng5 {[%clk 0:42:13]} 24... Bb2 {[%clk 0:33:11]} 25. Nxe4 {
[%clk 0:39:15]} 25... Bxc1 {[%clk 0:32:53]} 26. Nf6+ {[%clk 0:32:18]} 26...
exf6 {[%clk 0:32:00]} 27. Rxc1 {[%clk 0:32:38]} 27... Kf7 {[%clk 0:30:06]} 28.
Rd1 {[%clk 0:31:48]} 28... g5 {[%clk 0:28:52]} 29. Rxd6 {[%clk 0:26:57]} 29...
Rd8 {[%clk 0:27:14]} 30. Rxd8 {[%clk 0:18:13]} 30... Rxd8 {[%clk 0:27:36]} 31.
g3 {[%clk 0:18:32]} 31... Rd1+ {[%clk 0:27:41]} 32. Kg2 {[%clk 0:18:57]} 32...
Ra1 {[%clk 0:27:30]} 33. c5 {[%clk 0:17:30]} 33... Rxa2 {[%clk 0:26:43]} 34. c6
{[%clk 0:17:50]} 34... Rc2 {[%clk 0:27:01]} 35. Bb6 {[%clk 0:18:08]} 35... Ke8
{[%clk 0:26:26]} 36. c7 {[%clk 0:18:22]} 36... Kd7 {[%clk 0:26:18]} 37. c8=Q+ {
[%clk 0:18:19]} 37... Rxc8 {[%clk 0:26:35]} 38. Nxc8 {[%clk 0:18:47]} 38...
Kxc8 {[%clk 0:26:57]} 39. Bd4 {[%clk 0:19:12]} 39... g4 {[%clk 0:27:11]} 40.
Bxf6 {[%clk 0:19:33]} 40... Kb7 {[%clk 0:27:28]} 41. f3 {[%clk 0:19:27]} 41...
h5 {[%clk 0:27:48]} 42. Kf2 {[%clk 0:19:40]} 42... Kc6 {[%clk 0:28:08]} 43. b4
{[%clk 0:19:42]} 43... Kb5 {[%clk 0:28:23]} 44. Be7 {[%clk 0:20:04]} 44... Kb6
{[%clk 0:28:02]} 45. Ke3 {[%clk 0:20:26]} 45... Kc6 {[%clk 0:28:14]} 46. fxg4 {
[%clk 0:20:38]} 46... hxg4 {[%clk 0:28:25]} 47. Kf4 {[%clk 0:21:01]} 1-0

[Event "DEM U12w 2018"]
[Site "Willingen GER"]
[Date "2018.05.20"]
[Round "1"]
[White "Buchholz, Maja"]
[Black "Zhou, Lepu Coco"]
[Result "0-1"]
[Termination "normal"]
[Board "3"]
[WhiteElo "1320"]
[BlackElo "1720"]
[WhiteClock "00:16:23"]
[BlackClock "00:19:17"]
[PlyCount "78"]
[WhiteFideId "16200500"]
[BlackFideId "16217136"]
[EventCountry "GER"]
[EventRounds "11"]
[EventType "swiss"]
[EventDate "2018.05.19"]

1. c4 {[%clk 1:15:59]} 1... Nf6 {[%clk 1:15:56]} 2. Nf3 {[%clk 1:16:26]} 2...
g6 {[%clk 1:16:20]} 3. g3 {[%clk 1:16:53]} 3... Bg7 {[%clk 1:16:44]} 4. Bg2 {
[%clk 1:17:20]} 4... O-O {[%clk 1:17:06]} 5. O-O {[%clk 1:17:47]} 5... d6 {
[%clk 1:17:33]} 6. d4 {[%clk 1:18:12]} 6... Nbd7 {[%clk 1:17:57]} 7. Nc3 {
[%clk 1:18:19]} 7... e5 {[%clk 1:18:07]} 8. dxe5 {[%clk 1:18:42]} 8... Nxe5 {
[%clk 1:17:15]} 9. Nxe5 {[%clk 1:18:59]} 9... dxe5 {[%clk 1:17:40]} 10. Bg5 {
[%clk 1:19:23]} 10... h6 {[%clk 1:17:33]} 11. Qxd8 {[%clk 1:19:43]} 11... Rxd8
{[%clk 1:17:39]} 12. Bxf6 {[%clk 1:19:57]} 12... Bxf6 {[%clk 1:15:36]} 13. Nd5
{[%clk 1:20:00]} 13... Bg7 {[%clk 1:15:00]} 14. Nxc7 {[%clk 1:20:12]} 14... Rb8
{[%clk 1:15:20]} 15. Nd5 {[%clk 1:20:08]} 15... Be6 {[%clk 1:15:00]} 16. Rac1 {
[%clk 1:17:37]} 16... Kf8 {[%clk 1:13:09]} 17. b3 {[%clk 1:14:11]} 17... Rd7 {
[%clk 1:08:28]} 18. Rfd1 {[%clk 1:10:14]} 18... f5 {[%clk 1:05:39]} 19. e4 {
[%clk 1:05:26]} 19... Rbd8 {[%clk 1:04:51]} 20. Re1 {[%clk 1:02:44]} 20... b6 {
[%clk 0:59:49]} 21. f4 {[%clk 0:50:48]} 21... fxe4 {[%clk 0:48:38]} 22. Bxe4 {
[%clk 0:49:01]} 22... Bf7 {[%clk 0:48:41]} 23. fxe5 {[%clk 0:48:54]} 23... Bxe5
{[%clk 0:47:59]} 24. Kh1 {[%clk 0:40:53]} 24... Bb2 {[%clk 0:41:30]} 25. Rc2 {
[%clk 0:40:28]} 25... Bd4 {[%clk 0:41:30]} 26. Rf1 {[%clk 0:37:02]} 26... Kg7 {
[%clk 0:41:06]} 27. Rd2 {[%clk 0:33:46]} 27... Bc5 {[%clk 0:36:12]} 28. Rd3 {
[%clk 0:32:22]} 28... g5 {[%clk 0:31:41]} 29. Rdf3 {[%clk 0:28:44]} 29... Bh5 {
[%clk 0:31:00]} 30. Rc3 {[%clk 0:26:01]} 30... Bd4 {[%clk 0:30:31]} 31. Rd3 {
[%clk 0:25:53]} 31... Be2 {[%clk 0:30:14]} 32. Rxd4 {[%clk 0:23:55]} 32... Bxf1
{[%clk 0:30:32]} 33. Bf5 {[%clk 0:22:50]} 33... Rf7 {[%clk 0:29:07]} 34. Bg4 {
[%clk 0:21:58]} 34... Rdf8 {[%clk 0:27:06]} 35. Rd1 {[%clk 0:20:34]} 35... Rf2
{[%clk 0:25:30]} 36. Ne3 {[%clk 0:18:23]} 36... Be2 {[%clk 0:18:09]} 37. Bxe2 {
[%clk 0:17:51]} 37... Rxe2 {[%clk 0:18:34]} 38. Rd7+ {[%clk 0:16:09]} 38... Kg8
{[%clk 0:18:57]} 39. Ng4 {[%clk 0:16:23]} 39... Rf1# {[%clk 0:19:17]} 0-1

[Event "DEM U12w 2018"]
[Site "Willingen GER"]
[Date "2018.05.20"]
[Round "1"]
[White "Becker, Linda"]
[Black "Nguyen, Jenny Ha-Linh"]
[Result "1-0"]
[Termination "normal"]
[Board "4"]
[WhiteElo "1464"]
[BlackElo "1360"]
[WhiteClock "00:40:20"]
[BlackClock "01:06:31"]
[PlyCount "45"]
[WhiteFideId "16244753"]
[BlackFideId "16209729"]
[EventCountry "GER"]
[EventRounds "11"]
[EventType "swiss"]
[EventDate "2018.05.19"]

1. e4 {[%clk 1:15:58]} 1... e6 {[%clk 1:15:56]} 2. d4 {[%clk 1:16:23]} 2... d5
{[%clk 1:16:21]} 3. e5 {[%clk 1:16:06]} 3... c5 {[%clk 1:16:45]} 4. c3 { [%clk
1:16:31]} 4... Nc6 {[%clk 1:16:58]} 5. Nf3 {[%clk 1:16:24]} 5... Qb6 { [%clk
1:17:04]} 6. Bd3 {[%clk 1:15:00]} 6... cxd4 {[%clk 1:17:12]} 7. cxd4 { [%clk
1:15:20]} 7... Bd7 {[%clk 1:17:30]} 8. Bc2 {[%clk 1:13:13]} 8... Nge7 { [%clk
1:17:07]} 9. O-O {[%clk 1:12:10]} 9... Nf5 {[%clk 1:16:57]} 10. Bxf5 { [%clk
1:12:12]} 10... exf5 {[%clk 1:17:21]} 11. Nc3 {[%clk 1:11:36]} 11... Be6 {[%clk
1:17:34]} 12. Qd3 {[%clk 1:05:04]} 12... O-O-O {[%clk 1:15:01]} 13. Bg5 {[%clk
1:01:02]} 13... Re8 {[%clk 1:12:32]} 14. a3 {[%clk 0:54:33]} 14... h6 { [%clk
1:12:48]} 15. Bd2 {[%clk 0:52:22]} 15... g5 {[%clk 1:12:38]} 16. b4 { [%clk
0:49:37]} 16... Be7 {[%clk 1:12:18]} 17. b5 {[%clk 0:46:14]} 17... Nd8 { [%clk
1:11:41]} 18. Rfc1 {[%clk 0:44:59]} 18... Nc6 {[%clk 1:06:11]} 19. bxc6 { [%clk
0:44:16]} 19... bxc6 {[%clk 1:06:33]} 20. Na4 {[%clk 0:42:01]} 20... Qc7 {[%clk
1:06:36]} 21. Qa6+ 21... Kd7 {[%clk 1:06:20]} 22. Ba5 {[%clk 0:40:20]} 22...
Qc8 {[%clk 1:06:31]} 23. Qxa7+ 1-0

[Event "DEM U12w 2018"]
[Site "Willingen GER"]
[Date "2018.05.20"]
[Round "1"]
[White "Baltic, Sara"]
[Black "Werner, Rosalie"]
[Result "1-0"]
[Termination "normal"]
[Board "5"]
[WhiteElo "1432"]
[BlackElo "1575"]
[WhiteClock "00:17:54"]
[BlackClock "00:15:30"]
[PlyCount "66"]
[WhiteFideId "16210409"]
[BlackFideId "16223748"]
[EventCountry "GER"]
[EventRounds "11"]
[EventType "swiss"]
[EventDate "2018.05.19"]

1. e4 {[%clk 1:15:57]} 1... e6 {[%clk 1:15:53]} 2. d4 {[%clk 1:16:23]} 2... d5
{[%clk 1:16:19]} 3. Nd2 {[%clk 1:16:49]} 3... Nf6 {[%clk 1:16:42]} 4. e5 {
[%clk 1:17:08]} 4... Nfd7 {[%clk 1:17:07]} 5. Bd3 {[%clk 1:17:26]} 5... c5 {
[%clk 1:17:18]} 6. c3 {[%clk 1:17:14]} 6... Nc6 {[%clk 1:17:32]} 7. Ne2 { [%clk
1:17:22]} 7... cxd4 {[%clk 1:17:17]} 8. cxd4 {[%clk 1:17:22]} 8... Qb6 { [%clk
1:16:25]} 9. Nf3 {[%clk 1:17:05]} 9... Be7 {[%clk 1:11:39]} 10. O-O { [%clk
1:14:31]} 10... O-O {[%clk 1:09:13]} 11. a3 {[%clk 1:10:14]} 11... a5 { [%clk
0:57:26]} 12. Rb1 {[%clk 1:07:31]} 12... Qc7 {[%clk 0:52:30]} 13. Qc2 { [%clk
1:06:00]} 13... h6 {[%clk 0:51:27]} 14. Bd2 {[%clk 1:04:38]} 14... Rd8 { [%clk
0:45:48]} 15. Rfc1 {[%clk 1:00:52]} 15... Ndb8 {[%clk 0:43:54]} 16. Bb5 { [%clk
0:54:43]} 16... Bd7 {[%clk 0:41:19]} 17. b4 {[%clk 0:46:42]} 17... b6 { [%clk
0:29:15]} 18. Bxc6 {[%clk 0:45:09]} 18... Qxc6 {[%clk 0:29:01]} 19. Qb2 { [%clk
0:39:38]} 19... Qb5 {[%clk 0:24:40]} 20. Nc3 {[%clk 0:36:49]} 20... Qa6 { [%clk
0:22:26]} 21. Ra1 {[%clk 0:30:28]} 21... a4 {[%clk 0:18:23]} 22. b5 { [%clk
0:30:12]} 22... Qb7 {[%clk 0:15:09]} 23. Rc2 {[%clk 0:27:38]} 23... Rc8 { [%clk
0:12:07]} 24. Rac1 {[%clk 0:26:00]} 24... Kf8 {[%clk 0:05:33]} 25. Na2 { [%clk
0:25:08]} 25... Rxc2 {[%clk 0:04:10]} 26. Rxc2 {[%clk 0:24:50]} 26... Be8
{[%clk 0:03:40]} 27. Qc1 {[%clk 0:24:12]} 27... Kg8 {[%clk 0:02:08]} 28. Rc7 {
[%clk 0:24:22]} 28... Bxa3 {[%clk 0:01:31]} 29. Rxb7 {[%clk 0:21:08]} 29...
Bxc1 {[%clk 0:01:54]} 30. Bxc1 {[%clk 0:21:19]} 30... Bxb5 {[%clk 0:01:37]} 31.
Rxb6 {[%clk 0:20:17]} 31... Bc4 {[%clk 0:01:50]} 32. Nc3 {[%clk 0:19:09]} 32...
Nd7 {[%clk 0:00:43]} 33. Rb4 {[%clk 0:17:54]} 33... a3 {[%clk 0:15:30]} 1-0

[Event "DEM U12w 2018"]
[Site "Willingen GER"]
[Date "2018.05.20"]
[Round "1"]
[White "Roncea, Andreea-Alexandra"]
[Black "Alferova, Emily"]
[Result "1/2-1/2"]
[Termination "normal"]
[Board "6"]
[WhiteElo "1532"]
[BlackElo "1323"]
[WhiteClock "00:12:56"]
[BlackClock "00:28:09"]
[PlyCount "60"]
[WhiteFideId "16233115"]
[BlackFideId "16265904"]
[EventCountry "GER"]
[EventRounds "11"]
[EventType "swiss"]
[EventDate "2018.05.19"]

1. e4 {[%clk 1:15:58]} 1... e5 {[%clk 1:15:54]} 2. Nf3 {[%clk 1:16:21]} 2...
Nc6 {[%clk 1:16:22]} 3. Bc4 {[%clk 1:16:44]} 3... Bc5 {[%clk 1:16:46]} 4. d3 {
[%clk 1:17:02]} 4... d6 {[%clk 1:15:35]} 5. c3 {[%clk 1:12:51]} 5... Nf6 {
[%clk 1:14:14]} 6. Bb3 {[%clk 1:12:59]} 6... h6 {[%clk 1:12:57]} 7. O-O { [%clk
1:12:22]} 7... Ne7 {[%clk 1:09:54]} 8. Nbd2 {[%clk 1:11:48]} 8... Ng6 { [%clk
1:08:49]} 9. Bc2 {[%clk 1:06:14]} 9... Bb6 {[%clk 1:05:39]} 10. Nc4 { [%clk
1:01:48]} 10... c6 {[%clk 0:57:14]} 11. Nxb6 {[%clk 0:58:13]} 11... Qxb6 {[%clk
0:55:45]} 12. d4 {[%clk 0:51:30]} 12... Be6 {[%clk 0:50:09]} 13. Re1 { [%clk
0:43:13]} 13... Rd8 {[%clk 0:46:05]} 14. Bb3 {[%clk 0:39:30]} 14... Bxb3 {[%clk
0:44:02]} 15. Qxb3 {[%clk 0:39:41]} 15... Qxb3 {[%clk 0:43:42]} 16. axb3 {[%clk
0:39:58]} 16... a6 {[%clk 0:44:02]} 17. h4 {[%clk 0:34:55]} 17... O-O { [%clk
0:43:19]} 18. Ra5 {[%clk 0:30:23]} 18... Rfe8 {[%clk 0:42:34]} 19. dxe5 { [%clk
0:27:00]} 19... dxe5 {[%clk 0:42:30]} 20. g3 {[%clk 0:22:14]} 20... Ng4 { [%clk
0:35:31]} 21. Nh2 {[%clk 0:18:40]} 21... Nxh2 {[%clk 0:35:27]} 22. Kxh2 { [%clk
0:18:56]} 22... h5 {[%clk 0:35:46]} 23. Be3 {[%clk 0:17:53]} 23... Re6 { [%clk
0:34:22]} 24. Raa1 {[%clk 0:17:20]} 24... Red6 {[%clk 0:33:37]} 25. Kg2 { [%clk
0:15:58]} 25... Ne7 {[%clk 0:30:10]} 26. Kf1 {[%clk 0:14:07]} 26... R8d7 {[%clk
0:27:43]} 27. Bc5 {[%clk 0:12:29]} 27... Rd2 {[%clk 0:27:49]} 28. Bxe7 { [%clk
0:12:47]} 28... Rxe7 {[%clk 0:28:01]} 29. Re2 {[%clk 0:12:34]} 29... Rxe2
{[%clk 0:28:07]} 30. Kxe2 {[%clk 0:12:56]} 30... g6 {[%clk 0:28:09]} 1/2-1/2

[Event "DEM U12w 2018"]
[Site "Willingen GER"]
[Date "2018.05.20"]
[Round "1"]
[White "Heckler, Florentine"]
[Black "Pohle, Saskia"]
[Result "0-1"]
[Termination "normal"]
[Board "7"]
[WhiteElo "1284"]
[BlackElo "1611"]
[WhiteClock "00:21:34"]
[BlackClock "00:08:27"]
[PlyCount "112"]
[WhiteFideId "16240316"]
[BlackFideId "16201604"]
[EventCountry "GER"]
[EventRounds "11"]
[EventType "swiss"]
[EventDate "2018.05.19"]

1. c4 {[%clk 1:15:58]} 1... e5 {[%clk 1:15:54]} 2. Nc3 {[%clk 1:16:24]} 2...
Nc6 {[%clk 1:16:18]} 3. d3 {[%clk 1:16:30]} 3... Bc5 {[%clk 1:13:42]} 4. Nf3 {
[%clk 1:14:43]} 4... Nge7 {[%clk 1:03:37]} 5. Nxe5 {[%clk 1:10:54]} 5... Nxe5 {
[%clk 0:56:03]} 6. d4 {[%clk 1:11:00]} 6... Bxd4 {[%clk 0:56:22]} 7. Qxd4 {
[%clk 1:11:22]} 7... N7c6 {[%clk 0:56:46]} 8. Qe4 O-O 9. e3 {[%clk 1:00:46]}
9... Re8 {[%clk 0:51:36]} 10. Qb1 {[%clk 0:58:58]} 10... d6 {[%clk 0:48:49]}
11. Bd3 {[%clk 0:49:26]} 11... Nxd3+ {[%clk 0:44:08]} 12. Qxd3 {[%clk 0:49:30]}
12... Ne5 {[%clk 0:44:10]} 13. Qe2 {[%clk 0:47:19]} 13... Bf5 {[%clk 0:41:55]}
14. e4 {[%clk 0:44:10]} 14... Bg6 {[%clk 0:29:25]} 15. O-O {[%clk 0:43:07]}
15... Qh4 {[%clk 0:24:15]} 16. f4 {[%clk 0:38:35]} 16... Bh5 {[%clk 0:20:41]}
17. Qe3 {[%clk 0:35:17]} 17... Nxc4 {[%clk 0:18:52]} 18. Qd4 {[%clk 0:34:32]}
18... Nb6 {[%clk 0:16:57]} 19. f5 {[%clk 0:31:42]} 19... Qd8 {[%clk 0:08:09]}
20. Bf4 {[%clk 0:31:19]} 20... f6 {[%clk 0:08:28]} 21. Nd5 {[%clk 0:30:50]}
21... Nxd5 {[%clk 0:08:53]} 22. Qxd5+ {[%clk 0:31:14]} 22... Bf7 { [%clk
0:09:18]} 23. Qxb7 {[%clk 0:30:43]} 23... Rb8 {[%clk 0:09:42]} 24. Qc6 { [%clk
0:30:13]} 24... Rxb2 {[%clk 0:10:04]} 25. Rf2 {[%clk 0:29:53]} 25... Rb6 {[%clk
0:10:26]} 26. Qc2 {[%clk 0:29:31]} 26... Rb4 {[%clk 0:10:34]} 27. Re1 { [%clk
0:28:19]} 27... Rc4 {[%clk 0:10:47]} 28. Qd3 {[%clk 0:28:22]} 28... d5 { [%clk
0:10:43]} 29. h3 {[%clk 0:26:46]} 29... c6 {[%clk 0:10:54]} 30. Rfe2 { [%clk
0:20:37]} 30... Qb6+ {[%clk 0:07:45]} 31. Be3 {[%clk 0:20:15]} 31... d4 { [%clk
0:07:53]} 32. Qb3 {[%clk 0:18:19]} 32... dxe3 {[%clk 0:08:14]} 33. Qxe3 { [%clk
0:18:29]} 33... Qxe3+ {[%clk 0:08:14]} 34. Rxe3 {[%clk 0:18:54]} 34... Ra4
{[%clk 0:08:16]} 35. a3 {[%clk 0:18:59]} 35... c5 {[%clk 0:08:28]} 36. e5 {
[%clk 0:19:16]} 36... fxe5 {[%clk 0:06:19]} 37. Rxe5 {[%clk 0:19:37]} 37...
Rxe5 {[%clk 0:06:37]} 38. Rxe5 {[%clk 0:20:03]} 38... c4 {[%clk 0:06:34]} 39.
Re3 {[%clk 0:20:12]} 39... Ra6 {[%clk 0:06:30]} 40. Kf2 {[%clk 0:20:27]} 40...
g6 {[%clk 0:06:35]} 41. fxg6 {[%clk 0:20:48]} 41... Bxg6 {[%clk 0:06:46]} 42.
Ke1 {[%clk 0:20:51]} 42... Kf7 {[%clk 0:06:49]} 43. Kd2 {[%clk 0:21:08]} 43...
Rd6+ {[%clk 0:06:53]} 44. Kc3 {[%clk 0:20:37]} 44... Rd3+ {[%clk 0:07:18]} 45.
Rxd3 {[%clk 0:20:59]} 45... cxd3 {[%clk 0:07:44]} 46. Kd2 {[%clk 0:21:18]}
46... h5 {[%clk 0:08:00]} 47. h4 {[%clk 0:21:34]} 47... Ke6 {[%clk 0:08:27]}
48. g4 hxg4 49. h5 Bh7 50. a4 g3 51. a5 g2 52. a6 g1=Q 53. h6 Qf2+ 54. Kc3 Kd5
55. Kb3 Kc5 56. Ka3 Bg8 0-1

[Event "DEM U12w 2018"]
[Site "Willingen GER"]
[Date "2018.05.20"]
[Round "1"]
[White "Wagner, Margarethe"]
[Black "Ulrich, Helena Irene"]
[Result "1-0"]
[Termination "normal"]
[Board "8"]
[WhiteElo "1515"]
[BlackElo "1282"]
[WhiteClock "00:38:54"]
[BlackClock "00:31:41"]
[PlyCount "37"]
[WhiteFideId "16236947"]
[BlackFideId "16256000"]
[EventCountry "GER"]
[EventRounds "11"]
[EventType "swiss"]
[EventDate "2018.05.19"]

1. e4 {[%clk 1:15:58]} 1... c5 {[%clk 1:15:54]} 2. Nf3 {[%clk 1:16:19]} 2... d6
{[%clk 1:16:17]} 3. c3 {[%clk 1:16:16]} 3... Nf6 {[%clk 1:15:41]} 4. Bd3 {
[%clk 1:15:48]} 4... e6 {[%clk 1:12:29]} 5. Bc2 {[%clk 1:13:27]} 5... Nc6 {
[%clk 1:08:25]} 6. O-O {[%clk 1:12:27]} 6... Be7 {[%clk 1:07:38]} 7. a3 { [%clk
1:09:52]} 7... a6 {[%clk 1:05:42]} 8. d4 {[%clk 1:07:44]} 8... cxd4 { [%clk
1:05:25]} 9. cxd4 {[%clk 1:08:06]} 9... O-O {[%clk 0:59:43]} 10. Nc3 { [%clk
1:05:40]} 10... b5 {[%clk 0:57:05]} 11. Qe2 {[%clk 1:01:57]} 11... Re8 { [%clk
0:46:01]} 12. Rd1 {[%clk 0:59:45]} 12... Qc7 {[%clk 0:44:09]} 13. Qd3 { [%clk
0:53:51]} 13... Nd7 {[%clk 0:42:43]} 14. Bg5 {[%clk 0:44:54]} 14... Qd8 { [%clk
0:40:26]} 15. Be3 {[%clk 0:41:04]} 15... Bf6 {[%clk 0:38:11]} 16. e5 { [%clk
0:40:13]} 16... g6 {[%clk 0:32:18]} 17. exf6 {[%clk 0:40:22]} 17... Nxf6 {[%clk
0:32:26]} 18. Bg5 {[%clk 0:39:49]} 18... Bb7 {[%clk 0:31:41]} 19. Ne4 { [%clk
0:38:54]} 1-0